00466nam a22001577a 4500003000400000082001800004100002100022245004500043260004400088300000800132650001700140653001700157942001200174952010500186999001700291SGT a617.643bM21B aBhargava, Akriti aMolecular basis of Orthodontics tooth... aGurugram, HaryanabSGT Universityc2021 a108 aOrthodontics aOrthodontics 2ddccTH 00102ddc405171aFDbFDd2022-12-23l0o617.643 M21BpDT1421r2022-12-23 00:00:00w2022-12-23yTH c23642d23642